000 00768nam a2200229Ia 4500
001 17004
003 GE_BSU
008 181216s||||||||xx |||||||||||||| ||und||
040 _cGE_BSU
080 _a821.161.1-31
100 _aკავერინი, ბ. (1902-1989)
245 _aორი კაპიტანი : რომანი 2 წიგნად.
245 _bრომანი
245 _cთარგმნა ნინო ქუჩუკაშვილმა. რედ. ვ.ცოტნიაშვილი
260 _aთბილისი
260 _bნაკადული
260 _c1988
300 _a703 გვ. ; 22 სმ
653 _aორი კაპიტანი
653 _aრომანი
942 _cBK
999 _c50066
_d50066